Reclaiming the Environmental Debate : (Record no. 617603)

MARC details
000 -LEADER
fixed length control field 00499nam a2200193 a 4500
008 - FIXED-LENGTH DATA ELEMENTS--GENERAL INFORMATION
fixed length control field 260311s2000##################000#0#eng##
020 ## - INTERNATIONAL STANDARD BOOK NUMBER
ISBN 9780262581820
082 04 - DEWEY DECIMAL CLASSIFICATION NUMBER
Classification number 362.121
Item number HOF
100 1# - MAIN ENTRY--AUTHOR NAME
Personal name Hofrichter, Richard,
245 10 - TITLE STATEMENT
Title Reclaiming the Environmental Debate :
260 ## - PUBLICATION, DISTRIBUTION, ETC. (IMPRINT)
Name of publisher MIT Press,
Year of publication 2000.
300 ## - PHYSICAL DESCRIPTION
Number of Pages 366 pages
650 #0 - SUBJECT ADDED ENTRY--TOPICAL TERM
Topical Term Law.
942 ## - ADDED ENTRY ELEMENTS (KOHA)
Koha item type English Books
Holdings
Withdrawn status Lost status Damaged status Not for loan Home library Current library Shelving location Date acquired Full call number Accession Number Price effective from Koha item type
        Anna Centenary Library Anna Centenary Library 4TH FLOOR, A WING 11.03.2026 362.121 HOF 464684 11.03.2026 English Books

Find us on the map